| 000 | 00954nam a22003017a 4500 | ||
|---|---|---|---|
| 999 |
_c200452012 _d70224 |
||
| 001 | 200452012 | ||
| 003 | TR-AnTOB | ||
| 005 | 20230217141129.0 | ||
| 007 | ta | ||
| 008 | 230217s2021 tu a|||a |||| 00| 0 tur d | ||
| 020 | _a9786055326852 | ||
| 040 |
_aTR-AnTOB _beng _erda _cTR-AnTOB |
||
| 041 | 0 | _atur | |
| 092 |
_a372.412 _bJOLn 2021 |
||
| 100 | 1 |
_aJolin, Dominique _eauthor _9140765 |
|
| 245 | 1 | 0 |
_aNasılsın Binoo? / _cYazan ve Resimleyen: Dominique Jolin. |
| 250 | _a1. baskı | ||
| 264 | 1 |
_aİstanbul : _bMikado Çocuk, _c2021. |
|
| 300 |
_a[14] pages : _billustrations ; _c13 cm. |
||
| 336 |
_atext _btxt _2rdacontent |
||
| 337 |
_aunmediated _bn _2rdamedia |
||
| 338 |
_avolume _bnc _2rdacarrier |
||
| 500 | _a"6 aydan itibaren kitapları keşfetmeye başlayan bebekler için tasarlanmıştır." | ||
| 653 |
_aOkul öncesi _aİlk okuma kitapları _aDuygular |
||
| 942 |
_2ddc _cBK |
||